000 00245nam a22001097a 4500
082 _a843.7
_bSTE
100 _aStendhal
245 _aThe Red and the Black /
_cStendhal
260 _bYilin Press,
300 _a481 p. ;
_c23 cm.
942 _2ddc
_cBK
999 _c591696
_d591696